| 000 | 00474nam a22001937a 4500 | ||
|---|---|---|---|
| 003 | MPLRDC | ||
| 005 | 20220104143344.0 | ||
| 008 | 210129b ||||| |||| 00| 0 eng d | ||
| 020 | _a957-788-130-0 | ||
| 082 | _a192.1 MAT c.3 | ||
| 100 | _aANDREW MATTHEWS 著; 张定绮译 | ||
| 245 |
_a我变快乐了 _c |
||
| 250 | _a二版一刷 | ||
| 260 |
_a _b培根文化公司 _c1999 |
||
| 300 | _b平 | ||
| 490 | _a精致生活;1 | ||
| 650 | _a | ||
| 942 |
_cBK _o192.1 MAT c.3 |
||
| 999 |
_c39101 _d39091 |
||